| 000 | 01591cam a22003975a 4500 | ||
|---|---|---|---|
| 999 |
_c22609 _d22581 |
||
| 001 | 017469970 | ||
| 003 | EG-ScBUE | ||
| 005 | 20210309092252.0 | ||
| 008 | 150724r20152013enka f b 001 0 eng d | ||
| 020 | _a9781107559493 | ||
| 040 |
_aStDuBDS _beng _erda _cStDuBDS _dEG-ScBUE |
||
| 082 | 0 | 4 |
_a820.9353 _bSHA _222 |
| 245 | 0 | 0 |
_aShakespearean sensations : _bexperiencing literature in early modern England / _cedited by Katharine A. Craik and Tanya Pollard. |
| 250 | _aFirst paperback edition. | ||
| 264 | 1 |
_aCambridge : _bCambridge University Press, _c2015. |
|
| 300 |
_ax, 244 pages ; _c23 cm |
||
| 336 |
_2rdacontent _atext _btxt |
||
| 337 |
_2rdamedia _aunmediated _bn |
||
| 338 |
_2rdacarrier _avolume _bnc |
||
| 500 | _aOriginally published : 2013. | ||
| 504 | _aIncludes bibliographical references and index. | ||
| 600 | 1 | 7 |
_aShakespeare, William, _d1564-1616 _xCriticism and interpretation. _2BUEsh |
| 650 | 7 |
_aEnglish literature _yEarly modern, 1500-1700 _xHistory and criticism _xTheory, etc. _2BUEsh |
|
| 650 | 7 |
_aEnglish literature _xPsychological aspects. _2BUEsh |
|
| 650 | 7 |
_aReading _xPhysiological aspects. _2BUEsh |
|
| 650 | 7 |
_aSenses and sensation in literature. _2BUEsh |
|
| 650 | 7 |
_aReader-response criticism. _2BUEsh _939751 |
|
| 650 | 7 |
_aTheater audiences _zEngland _xHistory _y16th century. _2BUEsh |
|
| 650 | 7 |
_aTheater audiences _zEngland _xHistory _y17th century. _2BUEsh |
|
| 651 | _2BUEsh | ||
| 653 |
_cOctober2016 _bHHUUEENN |
||
| 655 |
_vReading book _934232 |
||
| 700 | 1 |
_aCraik, Katharine A., _eeditor. |
|
| 700 | 1 |
_aPollard, Tanya, _eeditor. |
|
| 942 |
_2ddc _cBB |
||